| 000 | 00535nam a2200169Ia 4500 | ||
|---|---|---|---|
| 008 | 090711s9999 xx 000 0 und d | ||
| 082 | _b284 | ||
| 100 | _aमाधव जुलियन | ||
| 245 | _aनकुलालंकार | ||
| 260 |
_bएन. के. पब्लिशिंग हाऊस _c1939 |
||
| 300 | _a101 | ||
| 600 | _aमाधव जुलियन | ||
| 630 | _aनकुलालंकार | ||
| 700 | _aमाधव जुलियन | ||
| 730 | _aनकुलालंकार | ||
| 942 | _cBOOK | ||
| 999 |
_c288827 _d288827 |
||